00408nam a2200121Ia 4500008004100000082001400041100001400055245005900069260003400128365000600162630005900168730005900227100415s9999 xx 000 0 und d b2356a799 aSmail JF aA Centenary Chronicle of the Ootacamund Hunt 1845-1945 aMADRASc1946bOOTACAMUND HUNT b0 aA Centenary Chronicle of the Ootacamund Hunt 1845-1945 aA Centenary Chronicle of the Ootacamund Hunt 1845-1945